Central Library OPAC University of Rajshahi

Botany (for degree students) / (Record no. 78377)

MARC details
000 -LEADER
fixed length control field 00764nam a2200277 a 4500
001 - CONTROL NUMBER
control field 78377
003 - CONTROL NUMBER IDENTIFIER
rucl marc code BD-RjUL
005 - DATE AND TIME OF LATEST TRANSACTION
control field 20211209083125.0
008 - FIXED-LENGTH DATA ELEMENTS--GENERAL INFORMATION
fixed length control field 141201s1973 ii a|||| b||| 001 0 eng d
020 ## - INTERNATIONAL STANDARD BOOK NUMBER
International Standard Book Number 8121908280
035 ## - SYSTEM CONTROL NUMBER
System control number (BD-RjUL)78603
040 ## - CATALOGING SOURCE
Original cataloging agency BD-RjUL
Language of cataloging eng
Transcribing agency BD-RjUL
041 ## - LANGUAGE CODE
Language code of text/sound track or separate title eng
082 ## - DEWEY DECIMAL CLASSIFICATION NUMBER
Edition number 21
Classification number 587
Author mark and year VAB 1973
100 ## - MAIN ENTRY--PERSONAL NAME
Personal name Vasishta, P. C.
9 (RLIN) 114471
245 ## - TITLE STATEMENT
Title Botany (for degree students) /
Statement of responsibility, etc. P. C. Vasishta.
250 ## - EDITION STATEMENT
Edition statement 2nd ed.
260 ## - PUBLICATION, DISTRIBUTION, ETC. (IMPRINT)
Place of publication, distribution, etc. New Delhi :
Name of publisher, distributor, etc. S. Chand & Company Ltd.,
Date of publication, distribution, etc. 1973
300 ## - PHYSICAL DESCRIPTION
Pagination v.:
Illustrations ill.;
Size 20 cm.
504 ## - BIBLIOGRAPHY, ETC. NOTE
Bibliography, etc Includes bibliographical reference and index.
505 01 - FORMATTED CONTENTS NOTE
Formatted contents note Vol .4 --
650 ## - SUBJECT ADDED ENTRY--TOPICAL TERM
Topical term or geographic name as entry element Pteridophyta.
9 (RLIN) 114472
Topical term or geographic name as entry element Algae
9 (RLIN) 247876
Topical term or geographic name as entry element Botany
9 (RLIN) 247877
942 ## - ADDED ENTRY ELEMENTS (KOHA)
Source of classification or shelving scheme Dewey Decimal Classification
Koha item type Books
Holdings
Lost status Source of classification or shelving scheme Damaged status Not for loan Collection code Permanent Location Current Location Shelving location Date acquired Source of acquisition Cost, normal purchase price Total Checkouts Full call number Date last seen Copy number Koha item type
  Dewey Decimal Classification   Not For Loan Non-fiction Central Library, University of Rajshahi Central Library, University of Rajshahi Reading Room 03/06/1976 Alighar Library 37.50   587 VAB V-4 1973 14/09/2021 C-1 Books